00691 2200241 4500001002100000005001500021035002000036007000300056008004100059020001800100082001400118084002000132100002400152245007600176250001000252260003800262300003100300650003200331700002400363700002400387700001800411990002000429INLIS00000000000157620180215101537 a0010-0218000171ta180215 g 0 ind  a979-97356-9-6 a2x7.45981 a2x7.45981 SAR m0 aSARBINI.Abdul Murad1 aMembaca Ayat-ayat Allah dari Tragedi Tsunami /cdr. Sarbini Abdul Murad acet 1 ajakarta :bOne Earth Media,c2005 axii, 165 hlm ;c11 x 17 cm aFalsafat Perkembangan Islam0 aULIL.Abshar-Abdalla0 aMAYA.Safira Muchtar0 aANAND.Krishna a626.204.1010909